| 000 | 00562cac a22001691u 4500 | ||
|---|---|---|---|
| 090 | _c6418 | ||
| 008 | 081222t 2006xxu||||| |||| 00| 0 eng d | ||
| 020 | _a0324323395 | ||
| 082 |
_a658.022 _bSMA |
||
| 245 |
_aSmall business management : _ban entrepreneurial emphasis/ _cJustin G. Longenecker ... [et al.]. |
||
| 250 | _a13th ed. | ||
| 260 |
_aMason, Ohio : _bThomson/South-Western, _c2006 |
||
| 260 | _bDistributer: Al-Ahram | ||
| 300 |
_axx, 636 p. ; : _bcol. ill., col. map ; _c 29 cm. |
||
| 650 |
_aSmall business _xmanagement |
||
| 942 |
_cBB _k658.022SMA _2ddc |
||
| 999 |
_c6418 _d6418 |
||